Na košickej Hlavnej ulici dnes pribudne k svetoznámej značke Baťa ďalšia exkluzívna predajňa Betty Barclay chce očariť východniarky

Bibliographic Details
Main Author: Némethová, Renáta (Author)
Corporate Author: Betty Barclay (predajňa : Košice, Slovensko) (Author)
Format: Article
Language:Slovak
PhysicalDescription:2 foto
Subjects:

MARC

LEADER 00000nab a2200000 a 4500
001 vtls000895621
003 SK-MaSNL
005 20260302175259.0
008 040720e19970908xo 0 slo
035 |a KE4652 
040 |a KEVKJB  |b slo  |c KEVKJB  |e AACR2 
041 0 |a slo 
044 |a xo  |c SK 
080 |a 391  |2 1981 
080 |a 687  |2 1981 
100 1 |a Némethová, Renáta  |4 aut  |9 826895 
245 1 0 |a Na košickej Hlavnej ulici dnes pribudne k svetoznámej značke Baťa ďalšia exkluzívna predajňa  |b Betty Barclay chce očariť východniarky 
300 |b 2 foto 
610 2 7 |a Betty Barclay (predajňa : Košice, Slovensko)  |2 KEVKJB  |9 886517 
650 0 7 |a móda  |2 KEVKJB  |9 19682 
650 0 7 |a odevy  |2 KEVKJB  |9 27026 
650 0 7 |a predajne značkové  |2 KEVKJB  |9 877597 
650 0 7 |a otvorenie  |2 KEVKJB  |9 765696 
651 7 |a Košice (Slovensko)  |2 KEVKJB  |9 18694 
651 7 |a KE,  |2 KEVKJB  |9 877256 
651 7 |a KE,  |2 KEVKJB  |9 877256 
655 7 |a periodikum  |2 snkbucl  |9 29553 
710 2 |a Betty Barclay (predajňa : Košice, Slovensko)  |4 aut  |9 886517 
773 0 8 |t Korzo  |g Roč. 4, č.206, 8.9.1997, s. 14 
852 |a ZVYKNI  |b KIS3GCP 
999 |c 1406549  |d 1408479